Longest Country Names Quiz Stats

Quiz Updated Jul 13, 2016

Also try: Slimmest Countries
Challenge
Share
Tweet
Embed
Score 0/30 Timer 04:00
1 Play Today
Country % Correct
Democratic Republic of the Congo
86.4%
Argentina
85.9%
Venezuela
78.4%
Paraguay
75.1%
Colombia
73.2%
New Zealand
72%
Republic of the Congo
71.1%
Central African Republic
69.4%
Netherlands, Switzerland, Vatican City
68.5%
Saint Kitts and Nevis
67.3%
United Kingdom
64.8%
Trinidad and Tobago
64.3%
Suriname
64.1%
Bosnia and Herzegovina
63.7%
Saint Vincent and the Grenadines
62.2%
Country % Correct
Marshall Islands
62.2%
Papua New Guinea
61.5%
Solomon Islands
58.5%
Antigua and Barbuda
58.3%
Liechtenstein
57%
Dominican Republic
53.8%
Micronesia
51.3%
Turkmenistan
51.1%
Luxembourg, Montenegro
50.5%
Saudi Arabia
50.4%
United Arab Emirates
50.2%
Sao Tome and Principe
49.6%
Afghanistan
43.2%
Equatorial Guinea
38.2%
Philippines
37.5%

You're not logged in!

Compare scores with friends on all Sporcle quizzes.
Join for Free
OR
Log In

You Might Also Like...

Show Comments

Extras

Top Quizzes Today


Score Distribution

Your Account Isn't Verified!

In order to create a playlist on Sporcle, you need to verify the email address you used during registration. Go to your Sporcle Settings to finish the process.

Report this User

Report this user for behavior that violates our Community Guidelines.

Details: